[Event "BL 2324 SK Kirchweyhe - SV Mülheim Nord"]
[Site "?"]
[Date "2023.12.02"]
[Round "3.8"]
[White "Kuegel, Tobias"]
[Black "Dinstuhl, Volkmar"]
[Result "1/2-1/2"]
[WhiteElo "2420"]
[BlackElo "2386"]
[PlyCount "57"]
[EventDate "2023.??.??"]

1. e4 c6 2. Nc3 d5 3. Nf3 Bg4 4. h3 Bxf3 5. Qxf3 Nf6 6. d4 dxe4 7. Qe3 g6 8. Nxe4 Nxe4 9. Qxe4 Bg7 10. c3 Nd7 11. Be2 O-O 12. O-O a5 13. a4 Re8 14. Qc2 Qc7 15. Re1 Nb6 16. Bf3 Nd5 17. Qb3 e6 18. Bd2 h6 19. Rad1 Rad8 20. g3 Re7 21. Kg2 Red7 22. Bc1 Rc8 23. Re2 Qd8 24. Ree1 Rb8 25. Be4 b5 26. Bf3 Qb6 27. Re2 Rbb7 28. Red2 Rd8 29. Rd3 1/2-1/2

[Event "BL 2324 USV TU Dresden - MSA Zugzwang"]
[Site "?"]
[Date "2023.12.03"]
[Round "4.1"]
[White "Eljanov, Pavel"]
[Black "Nisipeanu, Liviu-Dieter"]
[Result "1-0"]
[WhiteElo "2691"]
[BlackElo "2587"]
[PlyCount "71"]
[EventDate "2023.??.??"]

1. e4 e6 2. d4 d5 3. Nc3 Bb4 4. e5 c5 5. a3 Bxc3+ 6. bxc3 Ne7 7. h4 Qc7 8. Rh3 Nbc6 9. a4 Bd7 10. Ba3 cxd4 11. cxd4 f6 12. f4 Qa5+ 13. c3 fxe5 14. fxe5 O-O 15. Qd2 Rf7 16. Bd3 Raf8 17. Nf3 h6 18. h5 Qd8 19. Bc2 Rf4 20. O-O-O Na5 21. Qd3 R8f5 22. Rg1 Rg4 23. Nd2 Qe8 24. Bd1 Rgg5 25. g4 Nc4 26. Nxc4 dxc4 27. Qxc4 Nd5 28. Rf1 b5 29. Qd3 Rxf1 30. Qxf1 b4 31. Bxb4 Nxb4 32. cxb4 Bxa4 33. Rc3 Bxd1 34. Qxd1 Qf8 35. Qc2 Qf4+ 36. Kb1 1-0

[Event "BL 2324 USV TU Dresden - MSA Zugzwang"]
[Site "?"]
[Date "2023.12.03"]
[Round "4.2"]
[White "Pechac, Jergus"]
[Black "Horvath, Dominik"]
[Result "1-0"]
[WhiteElo "2570"]
[BlackElo "2564"]
[PlyCount "75"]
[EventDate "2023.??.??"]

1. e4 c6 2. d4 d5 3. e5 Bf5 4. Nf3 e6 5. Be2 Ne7 6. c3 h6 7. a4 a5 8. O-O Nd7 9. Ne1 Qb6 10. Na3 Bh7 11. b3 Nf5 12. Bd3 Be7 13. Nec2 O-O 14. Ne3 Nxe3 15. Bxh7+ Kxh7 16. Bxe3 f6 17. Nc2 fxe5 18. dxe5 Qxb3 19. Rb1 Qxa4 20. Rxb7 c5 21. Qd3+ Rf5 22. f4 c4 23. Qe2 Bc5 24. Rc7 Qb5 25. Bxc5 Nxc5 26. Qg4 Rg8 27. Nd4 Qb6 28. Rc6 Qa7 29. Nxf5 exf5 30. Qxf5+ g6 31. Qb1 Na4+ 32. Kh1 Nxc3 33. Qc1 Ne4 34. f5 Nf2+ 35. Rxf2 Qxf2 36. Rc7+ Rg7 37. fxg6+ Kxg6 38. Qb1+ 1-0

[Event "BL 2324 USV TU Dresden - MSA Zugzwang"]
[Site "?"]
[Date "2023.12.03"]
[Round "4.3"]
[White "Bromberger, Stefan"]
[Black "Michalik, Peter"]
[Result "1/2-1/2"]
[WhiteElo "2477"]
[BlackElo "2573"]
[PlyCount "65"]
[EventDate "2023.??.??"]

1. d4 d5 2. c4 c6 3. Nf3 Nf6 4. Nc3 e6 5. Bg5 h6 6. Bxf6 Qxf6 7. e3 Nd7 8. Be2 dxc4 9. O-O Bd6 10. Ne4 Qe7 11. Bxc4 O-O 12. Rc1 b6 13. Qe2 a5 14. Nxd6 Qxd6 15. Rfd1 Qe7 16. Ne5 Bb7 17. Nxd7 Qxd7 18. Bd3 Rac8 19. Be4 Rc7 20. Rc3 Rd8 21. Qc2 c5 22. Bxb7 Rxb7 23. Rcd3 Qe7 24. dxc5 Rxd3 25. Rxd3 bxc5 26. h3 a4 27. Rc3 Rb5 28. Rc4 Qa7 29. Qxa4 Qxa4 30. Rxa4 Rxb2 31. Ra8+ Kh7 32. Rc8 Rxa2 33. Rxc5 1/2-1/2

[Event "BL 2324 USV TU Dresden - MSA Zugzwang"]
[Site "?"]
[Date "2023.12.03"]
[Round "4.4"]
[White "Gajewski, Grzegorz"]
[Black "Kjartansson, Gudmundur"]
[Result "1/2-1/2"]
[WhiteElo "2561"]
[BlackElo "2450"]
[PlyCount "119"]
[EventDate "2023.??.??"]

1. e4 c5 2. Nf3 d6 3. d4 cxd4 4. Nxd4 Nf6 5. Nc3 a6 6. Be2 e5 7. Nb3 Be7 8. Be3 Be6 9. Nd5 Nbd7 10. Qd3 Rc8 11. c4 O-O 12. O-O b5 13. Nd2 bxc4 14. Nxc4 Bxd5 15. exd5 Nc5 16. Qd2 a5 17. Rfd1 a4 18. Rac1 Nfd7 19. Na5 f5 20. Nc6 Qe8 21. Bb5 Ne4 22. Qb4 Kh8 23. Qxa4 Ndc5 24. Bxc5 Nxc5 25. Rxc5 dxc5 26. d6 Bxd6 27. Rxd6 Ra8 28. Qc4 e4 29. Qxc5 e3 30. Qxe3 Rxa2 31. Rd8 Ra1+ 32. Bf1 Qf7 33. Qe6 Qxe6 34. Rxf8+ Qg8 35. Rxg8+ Kxg8 36. f4 Rb1 37. b4 Kf7 38. b5 Ke6 39. Nd4+ Kf6 40. Kf2 g6 41. h4 Ke7 42. h5 Kd6 43. h6 Rb4 44. Nf3 Rxf4 45. g3 Rg4 46. Bd3 Kd5 47. Bb1 Rb4 48. Ba2+ Ke4 49. Ng5+ Ke5 50. Bg8 Rxb5 51. Nxh7 Rb2+ 52. Kg1 f4 53. gxf4+ Kxf4 54. Nf8 Rb1+ 55. Kg2 Rb2+ 56. Kh3 Rb1 57. Bd5 Rb8 58. h7 Rxf8 59. Bg8 Rf5 60. h8=Q {Ke5} 1/2-1/2

[Event "BL 2324 USV TU Dresden - MSA Zugzwang"]
[Site "?"]
[Date "2023.12.03"]
[Round "4.5"]
[White "Hertneck, Gerald"]
[Black "Vogel, Roven"]
[Result "1/2-1/2"]
[WhiteElo "2443"]
[BlackElo "2509"]
[PlyCount "40"]
[EventDate "2023.??.??"]

1. d4 Nf6 2. c4 e6 3. Nf3 d5 4. Nc3 Bb4 5. Bg5 h6 6. Bxf6 Qxf6 7. Qa4+ Nc6 8. e3 O-O 9. Be2 Rd8 10. O-O dxc4 11. Bxc4 Bxc3 12. bxc3 Bd7 13. Qa3 Qe7 14. Qxe7 Nxe7 15. Ne5 Be8 16. Rfb1 Rab8 17. Rb3 Nc6 18. Nxc6 Bxc6 19. a4 Bd5 20. Bxd5 Rxd5 1/2-1/2

[Event "BL 2324 USV TU Dresden - MSA Zugzwang"]
[Site "?"]
[Date "2023.12.03"]
[Round "4.6"]
[White "Maiwald, Jens-Uwe"]
[Black "Kruckenhauser, Arthur"]
[Result "0-1"]
[WhiteElo "2445"]
[BlackElo "2310"]
[PlyCount "72"]
[EventDate "2023.??.??"]

1. e4 c5 2. Nf3 d6 3. c3 Nf6 4. Be2 Bd7 5. d3 e5 6. O-O Nc6 7. Bg5 Be7 8. Nbd2 h6 9. Bxf6 Bxf6 10. Nc4 Be6 11. Nfd2 Qd7 12. h3 h5 13. Bxh5 Bxh3 14. gxh3 Qxh3 15. Qg4 Qxh5 16. Nxd6+ Kf8 17. Qxh5 Rxh5 18. Rfd1 b6 19. Nf1 Bg5 20. Ng3 Rh7 21. Kg2 g6 22. a4 Rd8 23. Nc4 Kg7 24. Ne2 f5 25. Ng1 Kf6 26. Nf3 Rhd7 27. d4 cxd4 28. cxd4 fxe4 29. Nfxe5 Rxd4 30. Ng4+ Ke6 31. Rxd4 Rxd4 32. Nge3 Bxe3 33. Nxe3 Ne5 34. b3 Rd2 35. Kg3 Rb2 36. Rd1 Nd3 0-1

[Event "BL 2324 USV TU Dresden - MSA Zugzwang"]
[Site "?"]
[Date "2023.12.03"]
[Round "4.7"]
[White "Raykhman, Alexander"]
[Black "Boensch, Uwe"]
[Result "1/2-1/2"]
[WhiteElo "2368"]
[BlackElo "2456"]
[PlyCount "94"]
[EventDate "2023.??.??"]

1. d4 Nf6 2. c4 e6 3. Nf3 d5 4. Nc3 h6 5. Bf4 Bd6 6. Bg3 O-O 7. e3 b6 8. cxd5 Nxd5 9. Nxd5 exd5 10. Be2 Be6 11. O-O c5 12. Ne5 Qc7 13. Rc1 Nd7 14. Nxd7 Qxd7 15. dxc5 bxc5 16. Qd2 d4 17. Rfd1 Rfd8 18. Qa5 Bxg3 19. hxg3 Qe7 20. exd4 cxd4 21. Rc7 Rd7 22. Rdc1 Qd8 23. Bd3 Bxa2 24. b4 Rxc7 25. Rxc7 a6 26. Ra7 Bd5 27. Qxd8+ Rxd8 28. Rxa6 Kf8 29. Ra7 Be6 30. b5 Rb8 31. Ra4 Rd8 32. b6 Rb8 33. Rb4 Ke7 34. Be4 Kd6 35. b7 d3 36. Kf1 Kc5 37. Rb1 Bd5 38. Bxd3 Rxb7 39. Rxb7 Bxb7 40. Bc2 Kd4 41. Bb3 f6 42. Be6 Kd3 43. Bf5+ Kd2 44. Bd7 Ba6+ 45. Kg1 Ke1 46. Bf5 Bb7 47. Bg6 Bc6 1/2-1/2

[Event "BL 2324 USV TU Dresden - MSA Zugzwang"]
[Site "?"]
[Date "2023.12.03"]
[Round "4.8"]
[White "Moehn, Hans"]
[Black "Jorczik, Julian"]
[Result "1-0"]
[WhiteElo "2394"]
[BlackElo "2380"]
[PlyCount "69"]
[EventDate "2023.??.??"]

1. Nf3 Nf6 2. g3 g6 3. b3 Bg7 4. Bb2 b5 5. Bg2 Bb7 6. Na3 b4 7. Nc4 c5 8. a3 a5 9. axb4 cxb4 10. Ra2 d5 11. Nce5 Nbd7 12. Qa1 Nc5 13. Ng4 Nce4 14. Nxf6+ Nxf6 15. g4 O-O 16. g5 Nh5 17. Bxg7 Nxg7 18. O-O Ne6 19. Qe5 Qb8 20. Qxb8 Rfxb8 21. Rfa1 Nf4 22. Bf1 Rc8 23. e3 Ne6 24. Bh3 Rc5 25. d4 Rc6 26. Bxe6 fxe6 27. Rxa5 Rf8 28. Ne1 Rf5 29. f4 Rc3 30. Rb5 Bc6 31. Rb8+ Kf7 32. Nd3 Rxc2 33. Ne5+ Kg7 34. Rc8 Rc3 35. Ra7 1-0

[Event "BL 2324 HSK Lister Turm - FC Bayern Mün"]
[Site "?"]
[Date "2023.12.03"]
[Round "4.1"]
[White "Huschenbeth, Niclas"]
[Black "Schneider, Ilja"]
[Result "1-0"]
[WhiteElo "2614"]
[BlackElo "2473"]
[PlyCount "85"]
[EventDate "2023.??.??"]

1. e4 e5 2. Nf3 Nc6 3. Bb5 a6 4. Ba4 Nf6 5. O-O Bc5 6. c3 O-O 7. d4 Ba7 8. Bg5 h6 9. Bh4 exd4 10. Bxc6 dxc6 11. e5 dxc3 12. Qxd8 Rxd8 13. Nxc3 g5 14. Nxg5 hxg5 15. Bxg5 Bf5 16. exf6 Bd4 17. Rfe1 b5 18. Rac1 Rd6 19. h3 Bxf6 20. Bxf6 Rxf6 21. g4 Be6 22. a3 Rf3 23. Ne4 Bd5 24. Ng3 b4 25. axb4 Rb8 26. Rc3 Rxb4 27. Rxf3 Bxf3 28. Re3 Bd5 29. Re2 a5 30. Kh2 a4 31. Nh5 Kf8 32. f4 f5 33. Kg3 Kf7 34. Kh4 Be6 35. Rc2 Bd7 36. Rd2 Be6 37. Rc2 Bd7 38. g5 Kg6 39. Re2 Re4 40. Rxe4 fxe4 41. Nf6 Bf5 42. Kg3 e3 43. h4 1-0

[Event "BL 2324 HSK Lister Turm - FC Bayern Mün"]
[Site "?"]
[Date "2023.12.03"]
[Round "4.3"]
[White "Santos Ruiz, Miguel"]
[Black "Petkidis, Anthony"]
[Result "1-0"]
[WhiteElo "2593"]
[BlackElo "2424"]
[PlyCount "65"]
[EventDate "2023.??.??"]

1. e4 e5 2. Nf3 Nc6 3. Bc4 Nf6 4. d3 Bc5 5. Nc3 a6 6. a4 h6 7. Be3 d6 8. Bxc5 dxc5 9. Nd5 Be6 10. Ne3 Bxc4 11. Nxc4 Nd7 12. O-O O-O 13. g3 b5 14. Ne3 Nd4 15. axb5 axb5 16. Rxa8 Qxa8 17. Nxd4 cxd4 18. Nf5 Nf6 19. f4 Qe8 20. Qf3 Kh7 21. b4 Qe6 22. fxe5 Qxe5 23. Qf4 Qxf4 24. Rxf4 Ra8 25. Nxd4 Ra2 26. e5 Nd7 27. Rxf7 Nxe5 28. Rxc7 Rb2 29. Nxb5 Rxb4 30. Nd6 Kg6 31. h3 Rb1+ 32. Kf2 Rh1 33. d4 1-0

[Event "BL 2324 HSK Lister Turm - FC Bayern Mün"]
[Site "?"]
[Date "2023.12.03"]
[Round "4.5"]
[White "Alonso Rosell, Alvar"]
[Black "Lammers, Markus"]
[Result "1-0"]
[WhiteElo "2566"]
[BlackElo "2310"]
[PlyCount "49"]
[EventDate "2023.??.??"]

1. e4 e5 2. Nf3 Nf6 3. d3 Nc6 4. Be2 g6 5. c3 Bg7 6. b4 d5 7. Nbd2 O-O 8. O-O Re8 9. Qc2 a5 10. b5 Nb8 11. c4 dxe4 12. dxe4 Nbd7 13. c5 Qe7 14. c6 Nb6 15. a4 bxc6 16. Qxc6 Rb8 17. Bb2 Bb7 18. Qc2 Nfd7 19. Bc3 Ra8 20. Nb3 f5 21. Nfd2 Nc5 22. Bb4 axb4 23. Nxc5 Bxe4 24. Ndxe4 fxe4 25. Na6 1-0

[Event "BL 2324 HSK Lister Turm - FC Bayern Mün"]
[Site "?"]
[Date "2023.12.03"]
[Round "4.6"]
[White "Pubantz, Jan"]
[Black "Bogner, Sebastian"]
[Result "0-1"]
[WhiteElo "2302"]
[BlackElo "2534"]
[PlyCount "42"]
[EventDate "2023.??.??"]

1. d4 Nf6 2. c4 g6 3. Nc3 Bg7 4. e4 d6 5. Be2 O-O 6. Nf3 e5 7. Be3 exd4 8. Nxd4 Re8 9. Qc2 c6 10. O-O Qe7 11. Rfe1 Nxe4 12. Nxe4 Qxe4 13. Qd2 Nd7 14. Bf3 Qh4 15. Nxc6 bxc6 16. Bxc6 Rb8 17. Bxa7 Rxe1+ 18. Qxe1 Rxb2 19. Qe8+ Nf8 20. Qxc8 Qxc4 21. Re1 Rc2 0-1

[Event "BL 2324 HSK Lister Turm - FC Bayern Mün"]
[Site "?"]
[Date "2023.12.03"]
[Round "4.7"]
[White "Bischoff, Klaus"]
[Black "Hampel, Felix"]
[Result "1-0"]
[WhiteElo "2449"]
[BlackElo "2298"]
[PlyCount "113"]
[EventDate "2023.??.??"]

1. b3 Nf6 2. Bb2 g6 3. Nf3 Bg7 4. c4 O-O 5. g3 c5 6. Bg2 Nc6 7. O-O d6 8. d3 Rb8 9. Nc3 a6 10. Nd2 Bd7 11. Rb1 b5 12. Nd5 e6 13. Nxf6+ Bxf6 14. Bxf6 Qxf6 15. Ne4 Qe7 16. Qd2 f5 17. Ng5 h6 18. Nxe6 Bxe6 19. Bxc6 f4 20. Bg2 g5 21. Rbc1 Bg4 22. Rc2 Rbe8 23. Bd5+ Kh8 24. Qc3+ Kh7 25. cxb5 axb5 26. b4 Qe5 27. Be4+ Bf5 28. Qxe5 Rxe5 29. Bxf5+ Rexf5 30. f3 Re5 31. bxc5 dxc5 32. g4 c4 33. dxc4 bxc4 34. Kf2 Ra8 35. Rd1 Rea5 36. Rd7+ Kg8 37. Rxc4 Rxa2 38. Re4 R2a7 39. Rdd4 Ra6 40. h4 R8a7 41. Re5 Ra5 42. Rxa5 Rxa5 43. hxg5 hxg5 44. Rd7 Re5 45. Ke1 Kh8 46. Kd2 Kg8 47. Ra7 Kh8 48. Rf7 Re6 49. Rf5 Rg6 50. Kd3 Kh7 51. Ke4 Rg8 52. Rf6 Re8+ 53. Kf5 Rg8 54. Rb6 Rg7 55. Rb1 Rg6 56. Rh1+ Kg7 57. Rh5 1-0

[Event "BL 2324 HSK Lister Turm - FC Bayern Mün"]
[Site "?"]
[Date "2023.12.03"]
[Round "4.8"]
[White "Dyachuk, Artem"]
[Black "Meister, Peter"]
[Result "1-0"]
[WhiteElo "2233"]
[BlackElo "2332"]
[PlyCount "63"]
[EventDate "2023.??.??"]

1. e4 e6 2. d4 d5 3. Nc3 Nc6 4. e5 Nge7 5. Nf3 Nf5 6. Bb5 Bd7 7. Bg5 Be7 8. h4 a6 9. Bxc6 Bxc6 10. g4 Nh6 11. Bxh6 gxh6 12. Qd2 Bf8 13. Ne2 Rg8 14. g5 Be7 15. gxh6 Bf8 16. O-O-O Rg6 17. h5 Rxh6 18. Rdg1 Qe7 19. Rg8 O-O-O 20. Ng3 f6 21. Nh2 f5 22. Nf3 Qf7 23. Qg5 Be8 24. Rh8 Bg7 25. b3 Kd7 26. Ne2 Rxh5 27. Qxh5 Qxh5 28. Rxh5 Bxh5 29. Rxh7 Bxf3 30. Rxg7+ Kc8 31. Nf4 Re8 32. Rg3 1-0

[Event "BL 2324 OSG Baden-Baden - SC Heimbach-We"]
[Site "?"]
[Date "2023.12.03"]
[Round "4.2"]
[White "Donchenko, Alexander"]
[Black "Kraemer, Martin"]
[Result "1/2-1/2"]
[WhiteElo "2634"]
[BlackElo "2573"]
[PlyCount "76"]
[EventDate "2023.??.??"]

1. c4 Nf6 2. Nf3 e6 3. b3 d5 4. Bb2 c5 5. cxd5 exd5 6. g3 Nc6 7. Bg2 d4 8. O-O Be7 9. Na3 O-O 10. Nc4 Bf5 11. e3 dxe3 12. dxe3 Be4 13. Nfe5 Nxe5 14. Nxe5 Qxd1 15. Rfxd1 Bxg2 16. Kxg2 Rfd8 17. Kf3 Kf8 18. g4 Ke8 19. Nc4 b5 20. Na5 Rac8 21. g5 Rxd1 22. Rxd1 Nd7 23. Bxg7 Bxg5 24. Nb7 Be7 25. Nd6+ Bxd6 26. Rxd6 c4 27. bxc4 bxc4 28. Bc3 Nc5 29. Bf6 Nd7 30. Bc3 Nc5 31. Rd4 Na4 32. Bb4 c3 33. Ba3 Nb2 34. Ke2 Rc6 35. Re4+ Kd8 36. Rd4+ Ke8 37. Re4+ Kd8 38. Rd4+ Ke8 1/2-1/2

[Event "BL 2324 OSG Baden-Baden - SC Heimbach-We"]
[Site "?"]
[Date "2023.12.03"]
[Round "4.3"]
[White "Neugebauer, Martin"]
[Black "Wojtaszek, Radoslaw"]
[Result "0-1"]
[WhiteElo "2537"]
[BlackElo "2673"]
[PlyCount "86"]
[EventDate "2023.??.??"]

1. e4 e5 2. Nf3 Nc6 3. d4 exd4 4. Nxd4 Nf6 5. Nc3 Bb4 6. Nxc6 bxc6 7. Bd3 O-O 8. O-O d5 9. exd5 cxd5 10. h3 c6 11. Qf3 Re8 12. Bf4 Bd6 13. Rfe1 Be6 14. Na4 c5 15. b3 c4 16. Bf1 Bxf4 17. Qxf4 Qa5 18. Qd4 Rac8 19. Nb2 Red8 20. Rec1 h6 21. Nd1 Qb6 22. c3 Ne4 23. Qxb6 axb6 24. bxc4 dxc4 25. Ne3 b5 26. Rab1 Rd2 27. Rxb5 Nxf2 28. Rcb1 Ne4 29. Rb8 Rxb8 30. Rxb8+ Kh7 31. Nxc4 Rd1 32. Ne3 Re1 33. Nc2 Rc1 34. Rb2 f5 35. Ne3 f4 36. Rc2 Ra1 37. Ng4 Bc4 38. Nh2 Ng3 39. Rf2 g5 40. a4 Kg6 41. a5 Kf5 42. Rf3 h5 43. Rf2 g4 0-1

[Event "BL 2324 OSG Baden-Baden - SC Heimbach-We"]
[Site "?"]
[Date "2023.12.03"]
[Round "4.4"]
[White "Kasimdzhanov, Rustam"]
[Black "Krejci, Jan"]
[Result "1-0"]
[WhiteElo "2684"]
[BlackElo "2523"]
[PlyCount "141"]
[EventDate "2023.??.??"]

1. e4 e5 2. Nf3 Nc6 3. Bb5 a6 4. Ba4 Nf6 5. O-O Be7 6. Re1 b5 7. Bb3 d6 8. c3 O-O 9. h3 Na5 10. Bc2 c5 11. d4 Nd7 12. Nbd2 exd4 13. cxd4 Nc6 14. d5 Nce5 15. Nxe5 Nxe5 16. f4 Ng6 17. Nf3 Bh4 18. Rf1 Bg3 19. f5 Ne5 20. Ng5 h6 21. f6 gxf6 22. Nf3 Kg7 23. Kh1 Rh8 24. Ng1 h5 25. b4 Bg4 26. Qd2 cxb4 27. Qxb4 Rc8 28. Qb3 Bh4 29. Bd3 Qa5 30. Be2 Bg5 31. Bxg5 fxg5 32. Qe3 Qd8 33. a4 Bd7 34. axb5 axb5 35. Nf3 Nxf3 36. Qxf3 Qe7 37. Ra7 Ra8 38. Rxd7 Qxd7 39. Qf6+ Kg8 40. Bxb5 Qc7 41. e5 Rh7 42. exd6 Qd8 43. Qe5 Rg7 44. d7 g4 45. Qe8+ Kh7 46. Bd3+ Kh6 47. Qe3+ Qg5 48. Qb6+ Rg6 49. Bxg6 fxg6 50. hxg4 hxg4 51. Qd4 Rd8 52. Rf7 Qh4+ 53. Kg1 Qe1+ 54. Rf1 Qg3 55. Qf2 Qxf2+ 56. Kxf2 Rxd7 57. Rd1 Kg5 58. Ke3 Re7+ 59. Kd4 Re2 60. d6 Kf6 61. Kc3 Re8 62. Kc4 Ra8 63. Kd5 Ra2 64. Rf1+ Kg5 65. g3 Ra3 66. d7 Rd3+ 67. Ke6 Re3+ 68. Kf7 Rd3 69. Ke8 Re3+ 70. Kf8 Rd3 71. Rf7 1-0

[Event "BL 2324 OSG Baden-Baden - SC Heimbach-We"]
[Site "?"]
[Date "2023.12.03"]
[Round "4.5"]
[White "Polak, Tomas"]
[Black "Bacrot, Etienne"]
[Result "1/2-1/2"]
[WhiteElo "2517"]
[BlackElo "2683"]
[PlyCount "48"]
[EventDate "2023.??.??"]

1. d4 d5 2. c4 dxc4 3. Nf3 Nf6 4. e3 e6 5. Bxc4 a6 6. O-O c5 7. b3 cxd4 8. Nxd4 Bc5 9. Bb2 b5 10. Be2 Bb7 11. Nd2 O-O 12. a4 bxa4 13. Rxa4 Nbd7 14. Nc4 Nb6 15. Nxb6 Qxb6 16. Qa1 Be7 17. Rc1 a5 18. Ba3 Bxa3 19. Qxa3 Bd5 20. Ra1 e5 21. Nf3 Rfe8 22. h3 Qxb3 23. Qxb3 Bxb3 24. Rxa5 Rxa5 1/2-1/2

[Event "BL 2324 OSG Baden-Baden - SC Heimbach-We"]
[Site "?"]
[Date "2023.12.03"]
[Round "4.6"]
[White "Naiditsch, Arkadij"]
[Black "Winterberg, Lukas"]
[Result "1-0"]
[WhiteElo "2653"]
[BlackElo "2410"]
[PlyCount "57"]
[EventDate "2023.??.??"]

1. e4 e5 2. Nf3 Nc6 3. Bb5 a6 4. Bxc6 dxc6 5. O-O Qf6 6. d4 exd4 7. Bg5 Qd6 8. Nxd4 Bd7 9. Nc3 Ne7 10. Be3 O-O-O 11. Qe1 Qg6 12. f3 f5 13. e5 f4 14. Bxf4 Bh3 15. Qg3 Qxg3 16. hxg3 Bxg2 17. Rfd1 Bh3 18. Ne4 Ng6 19. Kh2 Nxf4 20. gxf4 Rxd4 21. Rxd4 Bf5 22. Ng3 Bxc2 23. f5 c5 24. Rd2 Ba4 25. b3 Bc6 26. Rad1 Be7 27. f6 gxf6 28. Nf5 Bd8 29. Rxd8+ 1-0

[Event "BL 2324 OSG Baden-Baden - SC Heimbach-We"]
[Site "?"]
[Date "2023.12.03"]
[Round "4.7"]
[White "Tica, Sven"]
[Black "Movsesian, Sergei"]
[Result "1/2-1/2"]
[WhiteElo "2448"]
[BlackElo "2607"]
[PlyCount "78"]
[EventDate "2023.??.??"]

1. d4 d5 2. c4 c6 3. Nf3 Nf6 4. Qc2 dxc4 5. Qxc4 Bf5 6. g3 e6 7. Bg2 Be7 8. O-O O-O 9. Qb3 Qb6 10. Nbd2 Rd8 11. Nc4 Qa6 12. Bd2 Be4 13. Bb4 Bxb4 14. Qxb4 Bxf3 15. Bxf3 Rxd4 16. Rfd1 Rxd1+ 17. Rxd1 Nbd7 18. Na5 Rf8 19. Rd6 Ne5 20. Nxb7 Qxa2 21. Bxc6 Nxc6 22. Rxc6 h6 23. Nd6 Rd8 24. Rc8 Rxc8 25. Nxc8 Qa6 26. Nd6 Qxe2 27. Qb8+ Kh7 28. Nxf7 Ne4 29. Qf4 Nd2 30. h4 Nf3+ 31. Kg2 Ne1+ 32. Kg1 Nd3 33. Qd4 a5 34. Nd6 e5 35. Qa7 Qxb2 36. Qf7 e4 37. Nxe4 Qa1+ 38. Kh2 Qe5 39. Qc4 Nb4 1/2-1/2

[Event "BL 2324 OSG Baden-Baden - SC Heimbach-We"]
[Site "?"]
[Date "2023.12.03"]
[Round "4.8"]
[White "Hagner, Bennet"]
[Black "Ronge, Tim"]
[Result "0-1"]
[WhiteElo "2348"]
[BlackElo "2301"]
[PlyCount "92"]
[EventDate "2023.??.??"]

1. e4 c5 2. Nf3 Nc6 3. Be2 Nf6 4. e5 Nd5 5. O-O d6 6. exd6 e6 7. Nc3 Bxd6 8. Ne4 Be7 9. b3 O-O 10. Bb2 Nf6 11. Ng3 Qc7 12. Re1 b6 13. a3 Rd8 14. Bd3 Bb7 15. Qe2 Qf4 16. Ba6 Bxa6 17. Qxa6 Rac8 18. d3 Qb8 19. Ne2 Rd5 20. h3 Nd4 21. Bxd4 cxd4 22. b4 Rcd8 23. Qc4 Qd6 24. Ng3 b5 25. Qb3 Rc8 26. Qb2 Qb6 27. Ne2 Rcd8 28. Reb1 e5 29. Re1 Bf8 30. Ng3 Qc7 31. Re2 Nd7 32. Rae1 f6 33. Qa2 Nb6 34. Ne4 Kh8 35. Qa1 Na4 36. Nh4 a5 37. bxa5 Qxa5 38. Rd2 Nc3 39. Nxc3 dxc3 40. Rde2 Qxa3 41. Qd1 b4 42. Re4 b3 43. cxb3 Rxd3 44. Qb1 Qb2 45. Rc4 R3d4 46. Nf5 Qxb1 0-1

[Event "BL 2324 SC Ötigheim - SC Remagen Sinzig"]
[Site "?"]
[Date "2023.12.03"]
[Round "4.1"]
[White "Pavlidis, Antonios"]
[Black "Motylev, Alexander"]
[Result "1/2-1/2"]
[WhiteElo "2567"]
[BlackElo "2619"]
[PlyCount "94"]
[EventDate "2023.??.??"]

1. e4 e5 2. Nf3 Nc6 3. Bb5 Nf6 4. O-O Nxe4 5. Re1 Nd6 6. Nxe5 Be7 7. Bf1 Nf5 8. Nf3 O-O 9. d4 d5 10. Nc3 Nh4 11. Nxh4 Bxh4 12. Ne2 Bf5 13. c3 Qd7 14. Nf4 Rae8 15. Be3 Nd8 16. Nd3 Be7 17. Nc5 Qc8 18. Qf3 c6 19. h3 f6 20. Bf4 Ne6 21. Nxe6 Bxe6 22. Re3 Qd7 23. Rae1 Bd8 24. Bd3 Bf7 25. Qg3 g6 26. Bh6 Rxe3 27. fxe3 Re8 28. Rf1 Qe7 29. h4 Kh8 30. Bf4 Kg7 31. a3 a6 32. Rf3 Qd7 33. Rf1 Be6 34. h5 Bg4 35. hxg6 hxg6 36. Re1 Bf5 37. Bxf5 Qxf5 38. Bc7 Qe6 39. Bxd8 Rxd8 40. e4 dxe4 41. Rxe4 Qxe4 42. Qc7+ Kh6 43. Qxd8 Kg5 44. Qb6 Qe3+ 45. Kf1 Qf4+ 46. Ke2 Qe4+ 47. Kf2 Qf4+ 1/2-1/2

[Event "BL 2324 SC Ötigheim - SC Remagen Sinzig"]
[Site "?"]
[Date "2023.12.03"]
[Round "4.2"]
[White "Lagarde, Maxime"]
[Black "Plat, Vojtech"]
[Result "1-0"]
[WhiteElo "2640"]
[BlackElo "2509"]
[PlyCount "91"]
[EventDate "2023.??.??"]

1. Nf3 c5 2. e4 Nc6 3. d4 cxd4 4. Nxd4 g6 5. c4 Nf6 6. Nc3 Nxd4 7. Qxd4 d6 8. Be2 Bg7 9. O-O O-O 10. Qe3 Be6 11. Bd2 a6 12. h3 Nd7 13. b3 Qb6 14. Qxb6 Nxb6 15. Rac1 Rfc8 16. Be3 Nd7 17. f4 Nc5 18. f5 Bxc3 19. fxe6 Bf6 20. exf7+ Kxf7 21. e5 dxe5 22. g4 g5 23. b4 Ne6 24. Bf3 Nd8 25. Be4 h6 26. Rfd1 Nc6 27. a3 Rd8 28. Bb6 Rxd1+ 29. Rxd1 Nd4 30. Kf2 Rb8 31. Ba7 Ra8 32. Bxd4 exd4 33. Bxb7 Ra7 34. Be4 e6 35. c5 Ke7 36. Ke2 Be5 37. Kd3 Rd7 38. a4 Rd8 39. b5 axb5 40. axb5 Rf8 41. b6 Rf2 42. Kc4 Re2 43. Bd3 Re3 44. c6 Kd6 45. c7 Kd7 46. Rc1 1-0

[Event "BL 2324 SC Ötigheim - SC Remagen Sinzig"]
[Site "?"]
[Date "2023.12.03"]
[Round "4.3"]
[White "Swinkels, Robin"]
[Black "Bauer, Christian"]
[Result "1/2-1/2"]
[WhiteElo "2506"]
[BlackElo "2558"]
[PlyCount "110"]
[EventDate "2023.??.??"]

1. d4 g6 2. c4 Bg7 3. e4 c5 4. d5 d6 5. Nc3 a6 6. a4 e6 7. Nf3 exd5 8. exd5 Bg4 9. Be2 Bxf3 10. Bxf3 Nd7 11. O-O Ne7 12. Ne4 Ne5 13. Be2 O-O 14. Ra3 Nf5 15. f4 Nd7 16. g4 Nd4 17. Rh3 b5 18. b3 bxa4 19. bxa4 Nxe2+ 20. Qxe2 Re8 21. Qc2 Qe7 22. Nc3 Rab8 23. Rhf3 Bd4+ 24. Kh1 Rb4 25. Na2 Rb7 26. Nc3 Nf6 27. g5 Nh5 28. f5 Qe5 29. Bd2 Qe7 30. Re1 Qxe1+ 31. Bxe1 Rxe1+ 32. Kg2 Rbe7 33. h4 Rg1+ 34. Kh2 Ree1 35. Ne2 Be5+ 36. Kh3 Rh1+ 37. Kg4 Rh2 38. Qb3 Rg2+ 39. Kh3 Rh2+ 40. Kg4 Rg2+ 41. Kh3 Rexe2 42. Qb8+ Kg7 43. f6+ Nxf6 44. gxf6+ Bxf6 45. Rxf6 Kxf6 46. Qxd6+ Kg7 47. Qxc5 Rd2 48. h5 Rge2 49. Kg3 Rd3+ 50. Kf4 f5 51. hxg6 hxg6 52. Kg5 Rg2+ 53. Kf4 Re2 54. Kg5 Rg2+ 55. Kf4 Re2 1/2-1/2

[Event "BL 2324 SC Ötigheim - SC Remagen Sinzig"]
[Site "?"]
[Date "2023.12.03"]
[Round "4.4"]
[White "Cornette, Matthieu"]
[Black "Cyborowski, Lukasz"]
[Result "1/2-1/2"]
[WhiteElo "2588"]
[BlackElo "2485"]
[PlyCount "189"]
[EventDate "2023.??.??"]

1. e4 c5 2. Nf3 e6 3. d4 cxd4 4. Nxd4 a6 5. c4 Nf6 6. Nc3 Bb4 7. Qd3 d5 8. exd5 exd5 9. Be2 O-O 10. O-O Nc6 11. Nxc6 bxc6 12. cxd5 Nxd5 13. Nxd5 Qxd5 14. Qg3 Bd6 15. Bf4 Bxf4 16. Qxf4 Be6 17. Rfc1 Qd7 18. h4 Bd5 19. Rc3 Rfe8 20. Bf3 Rab8 21. b3 a5 22. Rd1 Rb4 23. Rc4 Rb5 24. Rd3 Qe6 25. Re3 Qc8 26. Bxd5 Rxd5 27. Rxe8+ Qxe8 28. Rxc6 h6 29. Rc4 Qd7 30. Kh2 Rd2 31. a4 Rb2 32. Rc3 Qd5 33. Qf3 Qe5+ 34. Qg3 Qf5 35. Rf3 Qe4 36. Re3 Qd4 37. h5 Rc2 38. f4 Rc5 39. Re8+ Kh7 40. Qf3 Rc3 41. Qg4 Rc5 42. Re7 Qf6 43. Re3 Qd4 44. Re7 Qf6 45. Re4 Rc3 46. b4 axb4 47. Rxb4 Ra3 48. g3 Qd8 49. Qf5+ Kg8 50. Qc2 Re3 51. Rc4 Re8 52. Re4 Rf8 53. Re5 Qd4 54. a5 Rb8 55. Kh3 Qd7+ 56. Qf5 Qd1 57. Qe4 Qd7+ 58. f5 Kh7 59. Rd5 Qc8 60. Qd3 Ra8 61. Rd7 f6 62. Qd5 Qe8 63. Kh4 Rxa5 64. Rxg7+ Kxg7 65. Qxa5 Qe4+ 66. g4 Qh1+ 67. Kg3 Qg1+ 68. Kf3 Qf1+ 69. Ke3 Qg1+ 70. Kd3 Qd1+ 71. Ke3 Qg1+ 72. Kd2 Qf2+ 73. Kd1 Qg1+ 74. Kc2 Qg2+ 75. Qd2 Qe4+ 76. Kb3 Qf3+ 77. Qc3 Qd1+ 78. Ka3 Qxg4 79. Qc7+ Kf8 80. Qd8+ Kf7 81. Qd7+ Kg8 82. Qe8+ Kg7 83. Qe7+ Kg8 84. Qe8+ Kg7 85. Qg6+ Qxg6 86. fxg6 f5 87. Kb3 f4 88. Kc3 Kf6 89. Kd3 Kg7 90. Ke4 Kf6 91. Kxf4 Kg7 92. Kf5 Kg8 93. Kf6 Kh8 94. g7+ Kh7 95. Kf7 1/2-1/2